000 00246nmm a2200085Ia 4500
008 220120s9999||||xx |||||||||||||||||und||
100 _aLFY
_910674
245 0 _aAugust 2010 ; open suse 11.3, linux 2.6.34, Gnome 2.30.1, KD
260 _aEFY enterprises
999 _c139624
_d139624